Kaegbein, Paul, 1925-. Die Baltische Bibliographie. - 1997 [Rezension]
| Titel: | Kaegbein, Paul, 1925-. Die Baltische Bibliographie. - 1997 [Rezension] |
|---|---|
| Verfasser: | |
| In: |
Lituanistica, Heft 4 (32) (1997), Seite 87-88 alle Artikel anzeigen |
| Veröffentlicht: | 1997 |
| Format: | Aufsatz |
| Sprache: | Litauisch |
X
alg: 39477882 001A $01999:12-11-16 001B $01999:03-08-21 $t21:02:04.000 001D $01999:12-11-16 001U $0utf8 001X $00 002@ $0Aox 003@ $0394778820 007A $0394778820 $aHEB 007T $0Herdc0019464m 010@ $alit 011@ $a1997 021A $aKaegbein, Paul, 1925-. Die @Baltische Bibliographie. - 1997 [Rezension] 028A $aTamošiūnas $dMindaugas 031A $e4 (32) $h87-88 $j1997 039B $aIn $8--Abvc--. Lituanistica. - Vilnius : Academia, 1990-. - ISSN 0235-716X $x199700000000004913 $904857693X 039T $8--Aox--Kaegbein, Paul$Z1925-2023 [Tp1]. Die @Baltische Bibliographie, 1997 $9392904675 045F $a900.9479 $eDDC23BSB 045F/01 $a900 045F/03 $g479 045F/03 $g4798 045F/03 $g4793 045T $a7,44 lok: 39477882 78 exp: 39477882 78 1 #EPN 201B/01 $018-11-16 $t12:42:15.000 201U/01 $0utf8 203@/01 $0791077438 208@/01 $a12-11-16 $be 209A/01 $a/ $f000 $x00 220C/01 $aTitelaufnehmer: it 244Z/01 $2Trx $#Baltijos šalys $#kraje bałtyckie $#Baltikum $8--Trx--Baltische Länder $x01 $9391352903 244Z/01 $2Trx $#Estija $#Igaunija $#Estland $#Estonia $#Estonia $#Estónsko $#Estonsko $8--Trx--Eesti $x02 $9391237225 244Z/01 $2Trx $#Litauen $#Lithuania $#Litwa $#Litva $#Litva $8--Trx--Lietuva $x03 $9391193457 244Z/01 $2Trx $#Latvija $#Lettland $#Łotwa $#Lotyšsko $8--Trx--Latvija $x04 $9391275879 244Z/01 $2Trx $#arvustused $#recenzijos $#Reviews $#recenziók $#recenzje $#recenzie $#recenze $8--Trx--Rezensionen $x05 $9391357441 247C/01 $82080>Marburg/Lahn, Herder-Institut, Forschungsbibliothek, Bibliographieportal $9336309341
| LEADER | 00000caa a22000002c 4500 | ||
|---|---|---|---|
| 001 | 394778820 | ||
| 003 | DE-603 | ||
| 005 | 20210803210204.0 | ||
| 007 | tu | ||
| 008 | 161112s1997 xx |||| | u00||u|lit c | ||
| 035 | |a (DE-599)HEB394778820 | ||
| 040 | |a DE-603 |b ger |c DE-603 |d DE-603 | ||
| 041 | |a lit | ||
| 082 | 0 | 4 | |8 1\u |a 900.9479 |q DE-101 |2 23/BSB |
| 084 | |a 7,44 |2 ssgn | ||
| 085 | |8 1\u |b 900 | ||
| 085 | |8 1\u |z 2 |s 479 | ||
| 085 | |8 1\u |z 2 |s 4798 | ||
| 085 | |8 1\u |z 2 |s 4793 | ||
| 100 | 1 | |a Tamošiūnas, Mindaugas | |
| 245 | 0 | 0 | |a Kaegbein, Paul, 1925-. Die Baltische Bibliographie. - 1997 [Rezension] |
| 264 | 0 | |c 1997 | |
| 773 | 0 | 8 | |i In |t Lituanistica |d Vilnius : Academia, 1990- |x 0235-716X |g Heft 4 (32) (1997), Seite 87-88 |w (DE-603)04857693X |w (DE-600)1069331-2 |
| 787 | 0 | 8 | |i Rezension von |a Kaegbein, Paul, 1925-2023 |t Die Baltische Bibliographie |w (DE-603)392904675 |
| 924 | 0 | |9 2080 |a (DE-603)791077438 |b DE-2080 |c HES |d d |g / | |


